LEADER 01184nam a2200265 4500 001 000000363185 003 CaOOAMICUS 005 20250617091523.0 008 250616s1997 it 000 u ita r 020 $a88-464-0243-X 040 $aSeMil$bita 100 1 $aRizzi, Lino.$0(OLS)http://semarc/name/46124 245 10$aLiberalismo etico e religione civile in Rousseau /$cLino Rizzi. 264 1$aMilano :$bFranco Angeli,$c1997. 300 $a223 p. ;$c22 cm 490 1 $aFilosofia ;$v90 650 4$aRousseau, Jean-Jacques <1712-1778> - Filosofia politica.$0(OLS)http://semarc/subject/534 830 0$aFilosofia ;$v90.$0(OLS)http://semarc/title/8053 850 $aSeMil 852 $aSeMil$W1$xVenegono$y1$m2G IV 16$j258536$B254049$CSeMilBibl$Z2$F254049 $81 961 $aBuzzi mons. Franco - Omaggio. ? Con dedica autografa dell?autore (Lino Rizzi) a mons. Buzzi Milano, 27 maggio 1997 996 $6020$a88-464-0243-X$9(OLS)http://semarc/number/303386 996 $6245$aLiberalismo etico e religione civile in Rousseau$9(OLS)http://semarc/title/454337 996 $6264$aMilano :$bFranco Angeli$9(OLS)http://semarc/publisher/30369 LEADER 00492naa a2200133 i 4500 001 000000324773 003 CaOOAMICUS 005 20180831173450.0 008 180831n it u000 u ita u 013 $a35680 040 $aSeMil$bita 245 10$aAbuso sessuale, formazione spirituale e psicoanalisi. 773 0 $tAtti Impuri.$dMilano : Raffaello Cortina, copyr 2009.$z978-88-6030-223-6$gp.139-157$w()244225 996 $6245$aAbuso sessuale, formazione spirituale e psicoanalisi$9(OLS)http://semarc/title/398029